Cirugía AEC. (Registro nro. 818)

Detalles MARC
000 -LEADER
fixed length control field 01405 am a2200409 a 4500
005 - FECHA ULTIMA MODIFICACION
control field 20240530125501.0
008 - CAMPO DE CONTROL (LIBRO)
fixed length control field 110405s2010||||sp a f |||| 001 0 spa d
020 ## - INTERNATIONAL STANDARD BOOK NUMBER
ISBN 9788498352825
041 ## - CODIGO DE IDIOMA
Código de idioma del texto/pista de sonido o título separado spa
092 ## - SIGNATURA TOPOGRAFICA DEWEY LOCAL
número de clasificación 617
libristica 65
sección PAR
100 1# - ENTRADA PRINCIPAL--NOMBRE PERSONAL
Nombre personal Parrila Paricio, Pascual
Función Dir.
9 (RLIN) 702
245 ## - TITULO PROPIAMENTE DICHO
Título Cirugía AEC.
Subtítulo y Título paralelo Manual de la Asociación Española de Cirujanos /
Mención de responsabilidad y remanente de la transcripción de la portada Pascual Parrilla Paricio
250 ## - MENCION DE EDICION
Mención de edición 2a ed.
260 ## - PIE DE IMPRENTA
Lugar de publicación, distribución, etc Madrid:
Nombre de la editorial, distribuidor, etc Editorial Médica Panamericana ; Asociación Española de Cirujanos;
Fecha de publicación 2010.
300 ## - DESCRIPCION FISICA
Extension 1227 p.
500 ## - NOTA GENERAL
Nota general Parrila Paricio, P. y Landa García, J. I. (Dir.). (2010). Cirugía AEC. Manual de la Asociación Española de Cirujanos. (2a ed.). Madrid : Editorial Médica Panamericana ; Asociación Española de Cirujanos.
590 ## - NOTAS LOCALES (RLIN)
Nota local Compra FACIMED Feb. 2011.
653 ## - TÉRMINO INDIZADO - PALABRAS CLAVES
Palabra clave Infecciones en cirugía
653 ## - TÉRMINO INDIZADO - PALABRAS CLAVES
Palabra clave Pared abdominal
653 ## - TÉRMINO INDIZADO - PALABRAS CLAVES
Palabra clave Esófago
653 ## - TÉRMINO INDIZADO - PALABRAS CLAVES
Palabra clave Estómago
653 ## - TÉRMINO INDIZADO - PALABRAS CLAVES
Palabra clave Intestino delgado
653 ## - TÉRMINO INDIZADO - PALABRAS CLAVES
Palabra clave Apéndice, colon y recto
653 ## - TÉRMINO INDIZADO - PALABRAS CLAVES
Palabra clave Ano
653 ## - TÉRMINO INDIZADO - PALABRAS CLAVES
Palabra clave Hígado, vías biliares y páncreas
653 ## - TÉRMINO INDIZADO - PALABRAS CLAVES
Palabra clave Bazo
653 ## - TÉRMINO INDIZADO - PALABRAS CLAVES
Palabra clave Cirugía endocrina
653 ## - TÉRMINO INDIZADO - PALABRAS CLAVES
Palabra clave Cirugía torácica
653 ## - TÉRMINO INDIZADO - PALABRAS CLAVES
Palabra clave Mama
653 ## - TÉRMINO INDIZADO - PALABRAS CLAVES
Palabra clave Cirugía vascular
653 ## - TÉRMINO INDIZADO - PALABRAS CLAVES
Palabra clave Trauma
653 ## - TÉRMINO INDIZADO - PALABRAS CLAVES
Palabra clave Piel y partes blandas. Retroperitoneo
700 1# - ENTRADAS SECUNDARIAS - NOMBRE PERSONAL
Nombre personal Landa García, José Ignacio
Función Dir.
9 (RLIN) 703
930 ## - NUMERO DE INVENTARIO
Número de inventario 2222
930 ## - NUMERO DE INVENTARIO
Número de inventario 2223
942 ## - ADDED ENTRY ELEMENTS (KOHA)
Source of classification or shelving scheme Dewey Decimal Classification
Item type Libros
Existencias
Estado de retiro Existencia Fuente de clasificación Estado general No para prestamo Ubicación permanente ubicación actual Sala de ubicación Fecha de adquisición Total Checkouts Total Renewals Número de clasificación Código de barras Date last seen Date last borrowed Número de ejemplar Price effective from Koha tipo de elemento (item) Colección Public note
    Dewey Decimal Classification     Biblioteca Medicina Biblioteca Medicina Circulación 13/05/2011 27 5 617 65 PAR 2222 08/10/2019 03/10/2019 ej.1 13/05/2011 Libros    
    Dewey Decimal Classification     Biblioteca Medicina Biblioteca Medicina Referencia 13/05/2011 1   617 65 PAR 2223 06/11/2014 30/03/2012 ej.2 13/05/2011 Reference Reference LIBRO DE CONSULTA

UNIVERSIDAD NACIONAL DEL COMAHUE
Biblioteca de la Facultad de Ciencias Médicas
Sede Toschi: Los Arrayanes y Av. Toschi, Cipolletti  - Rio Negro
Sede Los Tordos:  Yrigoyen al 2211, Cipolletti - Rio Negro 

Teléfono: 0299 - 4774707 int 25
Contacto: biblioteca@facimed.uncoma.edu.ar
© 2011 - 2026